00522 2200205 4500001002100000008004100021035002000062245003400082100001400116260003300130300001100163020002200174084001400196082000800210650002000218990002000238990001800258990002000276990002000296INLIS000000000000509 ind  a0010-0724000509 aBudi Pekerti LuhurcAmbarwati aAmbarwati aSemarangbGhyyas putrac2008 a60 hlm a978-979-051-037-1 a813 AMB b a813 aFiksi Indonesia aP29/CP/24/509.1 aP29/CP/24/509 aP29/CP/24/509.2 aP29/CP/24/509.3